000 00578cam a22001933a 4500
001 40755
003 PGUSA
005 20140828083918.0
008 120914s2012||||xxu|||||s|||||000 | eng d
040 _aPGUSA
_beng
042 _adc
245 1 4 _aThe Nursery, April 1881, Vol. XXIX :
_bA Monthly Magazine for Youngest Readers
_h[electronic resource] /
_cVarious
260 _bProject Gutenberg,
_c2012
506 _aPublic domain in the USA.
516 _aElectronic text
830 0 _aProject Gutenberg
_v40755
856 4 0 _uhttp://www.gutenberg.org/ebooks/40755
942 _cEB
999 _c270007
_d270007